000
00283nam a22001337a 4500
008
181217b xxu||||| |||| 00| 0 eng d
020
_a
085274031
041
_a
eng
080
_a
510
100
_a
37
101
_a
MAT
245
_a
tEnsor Of Crystals
_c
Lovet/D
942
_2
udc
_c
BK
999
_c
53138
_d
53138